Music Quiz

Random Music or Lyrics Quiz

Things John Lennon Is/Is Doing Quiz Stats

 Plays Quiz not verified by Sporcle

Score 0/20 Timer 10:00
0 Plays Today
Thing % Correct
Only Sleeping
60.7%
Imagining
49.4%
Watching The Wheels
46.1%
So Tired
34.8%
Crying
30.3%
Giving Peace A Chance
27%
A Jealous Guy
25.8%
Losing You
23.6%
Twisting And Shouting
22.5%
A Beatle
22.5%
Thing % Correct
In Love For The First Time
22.5%
A Wicked Guy, Born With A Jealous Mind
20.2%
Lighting A Fire
20.2%
Nowhere Man
20.2%
Wanting A Revolution
19.1%
Lonely, Wants To Die
19.1%
Speaking His Mind
18%
Sad And Lonely
18%
Not Having Something To Hide
16.9%
Not The Walrus
16.9%

You're not logged in!

Compare scores with friends on all Sporcle quizzes.
OR
Log In

Show Comments

Extras

Top Quizzes Today


Score Distribution

Your Account Isn't Verified!

In order to create a playlist on Sporcle, you need to verify the email address you used during registration. Go to your Sporcle Settings to finish the process.

Report this User

Report this user for behavior that violates our Community Guidelines.

Details: